Hodnota a cena ako základ použitia dlhopisu Fondu národného majetku Slovenskej republiky

Operácie s dlhopismi Fondu národného majetku SR. Rozdiely medzi dlhopisom FNM a obligáciami. Výpočet hodnoty a ceny dlhopisu FNM pri predaji, kúpe a inom použití. Použitie dlhopisu pri úhrade zdravotného poistenia alebo doplnkového dôchodkového poistenia.

Gespeichert in:
Bibliographische Detailangaben
1. Verfasser: Majcher, Milan
Format: Buchkapitel
Sprache:Slowakisch
Schlagworte:
Tags: Tag hinzufügen
Keine Tags, Fügen Sie das erste Tag hinzu!

MARC

LEADER 00000naa a2200000 4500
001 r025632
005 20230925121714.0
041 0 |a slo 
044 |a SK 
245 1 0 |a Hodnota a cena ako základ použitia dlhopisu Fondu národného majetku Slovenskej republiky  |c Milan Majcher 
520 |a Operácie s dlhopismi Fondu národného majetku SR. Rozdiely medzi dlhopisom FNM a obligáciami. Výpočet hodnoty a ceny dlhopisu FNM pri predaji, kúpe a inom použití. Použitie dlhopisu pri úhrade zdravotného poistenia alebo doplnkového dôchodkového poistenia. 
610 2 0 |a dlhopisy 
610 2 0 |a FNM SR Bratislava 
610 2 0 |a ceny 
610 2 0 |a poistenie zdravotné 
610 2 0 |a poistenie dôchodkové doplnkové 
100 1 |a Majcher, Milan